[Event "Gibraltar U16 op"]
[Site "Caleta"]
[Date "2019.08.18"]
[Round "4"]
[White "Popham, Sarah"]
[Black "Harbinson, Alec Ryan"]
[Result "1/2-1/2"]
[WhiteElo "1372"]
[BlackElo "1118"]
[PlyCount "103"]
[EventDate "2019.08.16"]
[EventType "swiss"]
[EventRounds "6"]
[EventCountry "GGB"]
[SourceTitle "CBM 195 Extra"]
[Source "ChessBase"]
[SourceDate "2020.05.31"]
[SourceVersion "1"]
[SourceVersionDate "2020.05.31"]
[SourceQuality "1"]

1. Nf3 Nf6 2. g3 e6 3. Bg2 d5 4. 0-0 c5 5. d3 Nbd7 6. c4 d4 7. e3 dxe3 8. Bxe3 Rb8 9. Nc3 a6 10. a4 Bd6 11. Qc1 b6 12. Bf4 Nf8 13. Bxd6 Qxd6 14. Qe3 Ng6 15. Ne4 Nxe4 16. Qxe4 Bb7 17. Qe3 Bxf3 18. Qxf3 0-0 19. Rfd1 Rfd8 20. Qc6 Qxc6 21. Bxc6 Ne5 22. Be4 f5 23. Bg2 Nxd3 24. b3 Nb4 25. Rxd8+ Rxd8 26. a5 bxa5 27. Rxa5 Rd1+ 28. Bf1 Rb1 29. Rxc5 Rxb3 30. Rc8+ Kf7 31. Rb8 a5 32. Ra8 Ra3 33. c5 Ra1 34. Kg2 a4 35. Bc4 a3 36. Ra4 a2 37. Bxa2 Nxa2 38. Ra7+ Kf6 39. c6 Rc1 40. Rxa2 Rxc6 41. Ra4 h5 42. h4 g5 43. hxg5+ Kxg5 44. Rh4 Rc8 45. Rb4 Re8 46. f4+ Kh6 47. Kh3 Rg8 48. Rb6 Rg6 49. Kg2 Rf6 50. Kf3 Rg6 51. Rc6 Rf6 52. Rb6 1/2-1/2